[Event "Titled Tuesday intern op 23rd Nov"]
[Site "Chess.com INT"]
[Date "2021.11.23"]
[Round "3"]
[White "Perez Ponsa, Federico"]
[Black "Ivanov, Oleg V"]
[Result "1/2-1/2"]
[WhiteElo "2554"]
[BlackElo "2458"]
[PlyCount "96"]
[EventDate "2021.11.23"]
[EventType "swiss (blitz)"]
[EventRounds "11"]
[EventCountry "USA"]
[SourceTitle "CBM 205 Extra"]
[Source "ChessBase"]
[SourceDate "2022.01.31"]
[SourceVersion "1"]
[SourceVersionDate "2022.01.31"]
[SourceQuality "1"]

1. d4 d5 2. c4 e6 3. Nc3 Nf6 4. cxd5 exd5 5. Bg5 c6 6. e3 h6 7. Bh4 Be7 8. Bd3 Nbd7 9. Nf3 0-0 10. Qc2 Re8 11. h3 Ne4 12. Bxe7 Qxe7 13. Rb1 Nb6 14. 0-0 Bf5 15. Ne2 Nc8 16. b4 Ncd6 17. a4 Rac8 18. a5 a6 19. Nc1 Qf6 20. Ne5 Qg5 21. Kh2 f6 22. Nf3 Qh5 23. Ne2 Ng5 24. Nfg1 Bxd3 25. Qxd3 Nc4 26. Ng3 Qf7 27. N1e2 Ne4 28. Nxe4 Rxe4 29. Nc3 Re7 30. Na4 Rce8 31. Nc5 f5 32. g3 Nxe3 33. fxe3 Rxe3 34. Qxf5 Re2+ 35. Kh1 Qc7 36. Qf4 Qxf4 37. Rxf4 Rd2 38. h4 Ree2 39. Rf3 Rh2+ 40. Kg1 Rdg2+ 41. Kf1 Rc2 42. Ke1 Rce2+ 43. Kd1 Rd2+ 44. Ke1 Rhe2+ 45. Kf1 Rh2 46. Kg1 Rdg2+ 47. Kf1 Ra2 48. Kg1 Rag2+ 1/2-1/2

[Event "Titled Tuesday intern op 24th Aug"]
[Site "Chess.com INT"]
[Date "2021.08.24"]
[Round "11"]
[White "Ivanov, Oleg V"]
[Black "Gelman, Alexander"]
[Result "1/2-1/2"]
[WhiteElo "2458"]
[BlackElo "2403"]
[PlyCount "106"]
[EventDate "2021.08.24"]
[EventType "swiss (blitz)"]
[EventRounds "11"]
[EventCountry "USA"]
[SourceTitle "EXT 2022"]
[Source "ChessBase"]
[SourceDate "2021.10.06"]
[SourceVersion "1"]
[SourceVersionDate "2021.10.06"]
[SourceQuality "1"]

1. e4 b6 2. d4 Bb7 3. Bd3 e6 4. Nf3 c5 5. Qe2 cxd4 6. Nxd4 a6 7. c4 Bc5 8. Nb3 Be7 9. Nc3 d6 10. Be3 Nd7 11. f4 Ngf6 12. 0-0 h5 13. h3 h4 14. Nd2 Nh5 15. Qf2 Ng3 16. Rfe1 Nf6 17. Rad1 Nd7 18. Nf1 Nxf1 19. Rxf1 0-0 20. b3 Bf6 21. Rc1 Nc5 22. Bb1 Bxc3 23. Bxc5 dxc5 24. Rxc3 Qe7 25. Rd1 Rad8 26. Re1 Rd4 27. Rce3 Rfd8 28. Kh2 e5 29. f5 Qg5 30. Bc2 Kf8 31. R1e2 b5 32. cxb5 axb5 33. a4 bxa4 34. bxa4 c4 35. Qe1 Kg8 36. Qb4 Qf4+ 37. Kg1 Rd1+ 38. Bxd1 Rxd1+ 39. Qe1 Rxe1+ 40. Rxe1 g5 41. fxg6 fxg6 42. a5 g5 43. Rf3 Qd2 44. Ref1 Bxe4 45. Rf8+ Kg7 46. R1f7+ Kg6 47. Rf6+ Kg7 48. R8f7+ Kh8 49. Rf8+ Kh7 50. R8f7+ Kg8 51. Rf8+ Kg7 52. R8f7+ Kg8 53. Rf8+ Kg7 1/2-1/2